000 00811nam a2200301 a 4500
003 AR-BaBNM
005 20251128204611.0
008 082120s2002 ||||||||||||||000 | spa||
020 _a84-204-3672-0
040 _cAR-BaBNM
100 1 _aSommer-Bodenburg, Angela
245 0 0 _aEl pequeño vampiro se cambia de casa
250 _a1ª ed.
260 _aMadrid
_bAlfaguara
_c1986
300 _a181 p.
_bil.
490 0 _aJuvenil Alfaguara
_vv. 12
650 4 _aLITERATURA INFANTIL
650 4 _aLIBROS PARA NIÑOS
650 4 _aCUENTOS DE TERROR
650 4 _aCUENTOS DE AVENTURAS
650 4 _aHUMOR
653 _aCUENTO FANTASTICO
655 _aLITERATURA
700 1 _aRodríguez Clemente, José Miguel
_etraductor
700 1 _aGlienke, Amelie
_eilustrador
942 _cBK
998 _cMARTIN
999 _c8080
_d8080